| 000 | 00474nam a22001937a 4500 | ||
|---|---|---|---|
| 005 | 20230918104526.0 | ||
| 008 | 230911b |||||||| |||| 00| 0 eng d | ||
| 020 | _a9781111124892 | ||
| 082 |
_a621.31924 _bHER-E |
||
| 100 | _aHerman,Stephen L. | ||
| 245 | _aElectrical Wiring, Industrial | ||
| 250 | _a14th.ed | ||
| 260 |
_aUSA _bDelmar Press _c2011 |
||
| 300 | _a333 | ||
| 500 | _ainclude index | ||
| 650 | _aEngineering | ||
| 700 | _aStephen L.Herman | ||
| 999 |
_c33497 _d33497 |
||